PRACTICAL EVIDENCE-BASED PHYSIOTHERAPY (Record no. 23296)

MARC details
000 -LEADER
fixed length control field 00411nam a22001697a 4500
003 - CONTROL NUMBER IDENTIFIER
control field SGT
020 ## - INTERNATIONAL STANDARD BOOK NUMBER
International Standard Book Number 9788131257562
082 ## - DEWEY DECIMAL CLASSIFICATION NUMBER
Classification number 615.83
Item number P19H
100 ## - MAIN ENTRY--PERSONAL NAME
Personal name HEABERT, ROB
245 ## - TITLE STATEMENT
Title PRACTICAL EVIDENCE-BASED PHYSIOTHERAPY
250 ## - EDITION STATEMENT
Edition statement 2ND
260 ## - PUBLICATION, DISTRIBUTION, ETC. (IMPRINT)
Place of publication, distribution, etc EDINBURGH
Name of publisher, distributor, etc ELSEVIER PUB
Year of Publication 2019
300 ## - PAGE DESCRIPTION
No. of Pages 173
650 ## - SUBJECT ADDED ENTRY--TOPICAL TERM
Topical term or geographic name as entry element PHYSIOTHERAPY
653 ## - KEYWORDS--INDEX TERM
Keyword term PRACTICAL EVIDENCE-BASED PHYSIOTHERAPY
942 ## - ADDED ENTRY ELEMENTS (KOHA)
Source of classification or shelving scheme Dewey Decimal Classification
Koha item type Books
Holdings
Withdrawn status Lost status Source of classification or shelving scheme Damaged status Not for loan Collection code Home library Current library Shelving location Date acquired Vendor Name Cost, normal purchase price SGTU Bill Number Total Checkouts Full call number Accession No. (Barcode) Date last seen Bill Date Koha item type
    Dewey Decimal Classification   Not For Loan MEDICAL SGT Medical Library SGT Medical Library Reference Book 10/09/2022 ABC DELHI 1340.00 SGTU 14815   615.83 P19H FM13176 10/09/2022 27/07/2022 Books
    Dewey Decimal Classification   Not For Loan MEDICAL SGT Medical Library SGT Medical Library Reference Book 10/09/2022 ABC DELHI 1340.00 SGTU 14815   615.83 P19H FM13177 10/09/2022 27/07/2022 Books